000 00884nam a2200289 i 4500
003 EG-GICUC
005 20260222172752.0
008 260222s1979 nyu||||fr ||| 00| 0 fre d
040 _aEG-GICUC
_cEG-GICUC
_dEG-GICUC
_erda
_beng
041 _afre
082 0 4 _221
_a341.23
_bUN . R
092 0 4 _221
099 _aLaw1 11 341.23 UN . R 1979
110 _aNations Unies
_eAuteur
245 _aRéglement Intérieur De L'Assemblée Générale /
_cNations Unies .
264 0 _aNew York :
_bNations Unies ,
_c1979 .
300 _a83 Pages;
_c30 cm.
336 _atext
_2rda content
337 _aComputer
_2rda media
338 _aOnline Resource
_2rda carrier
546 _aTraduit de l’anglais
650 0 4 _aDroit International Public
650 0 4 _aNations Unies
856 _uhttps://fll.law.cu.edu.eg/fulltext/th/B11-07825.pdf
905 _a59
942 _2ddc
_cBK
_e21
_n0
999 _c64012
_d64012